000
00334nam a2200133Ia 4500
008
231217s9999 xx 000 0 und d
041
_a
English
082
_a
621.381537 BOG;17
100
_a
Bogart, Theodore F
245
0
_a
Introduction to digital circuits
260
_c
1992
_b
Glence,Illinois
300
_a
xii+820
942
_c
AA
999
_c
168290
_d
168290